[Event "17. Open de Sants Hostafrancs 2015"]
[Site "Barcelona ESP"]
[Date "2015.08.22"]
[Round "2.23"]
[White "Valsecchi, Alessio"]
[Black "Lacroix, Romain"]
[Result "1-0"]
[WhiteElo "2459"]
[BlackElo "2201"]
[PlyCount "85"]
[EventDate "2015.08.21"]
[EventType "swiss"]
[EventRounds "10"]
[EventCountry "ESP"]
[SourceTitle "Ajedrez en Madrid"]
[Source "lmi"]
[SourceDate "2015.08.21"]

1. Nf3 Nf6 2. c4 e6 3. g3 d5 4. Bg2 d4 5. b4 a5 6. Qa4+ c6 7. b5 Bc5 8. Ne5 Qd6
9. Nd3 Nfd7 10. O-O O-O 11. Qc2 b6 12. Nxc5 Nxc5 13. d3 Bb7 14. Na3 cxb5 15.
Bxb7 Nxb7 16. Nxb5 Qd7 17. e3 Nc6 18. Nxd4 Nb4 19. Qe2 Nc5 20. Rd1 Rfd8 21. Bb2
Nbxd3 22. Nf3 Qc6 23. Bd4 f6 24. Nh4 e5 25. Bxc5 Nxc5 26. Rab1 Ne4 27. Nf5 Qc7
28. Qg4 Nd6 29. Nxd6 Rxd6 30. Rd5 Rad8 31. Rdb5 Rc6 32. Kg2 Qd7 33. Qe4 Qe6 34.
Rd5 Rdc8 35. Rbd1 Rxc4 36. Rd8+ Rxd8 37. Rxd8+ Kf7 38. Qxh7 Qc6+ 39. f3 Rc2+
40. Kh3 Qe6+ 41. g4 Qc6 42. Kg3 Qc7 43. Qh5+ 1-0

[Event "17. Open de Sants Hostafrancs 2015"]
[Site "Barcelona ESP"]
[Date "2015.08.22"]
[Round "2.24"]
[White "Galego, Luis"]
[Black "Povill Claros, Xavier"]
[Result "1-0"]
[WhiteElo "2454"]
[BlackElo "2200"]
[PlyCount "81"]
[EventDate "2015.08.21"]
[EventType "swiss"]
[EventRounds "10"]
[EventCountry "ESP"]
[SourceTitle "Ajedrez en Madrid"]
[Source "lmi"]
[SourceDate "2015.08.21"]

1. e4 c6 2. d4 d5 3. e5 Bf5 4. Nf3 e6 5. Be2 c5 6. O-O Ne7 7. dxc5 Nec6 8. a3
Bxc5 9. b4 Bb6 10. Bb2 O-O 11. Nbd2 Nd7 12. Bd3 Bxd3 13. cxd3 Bc7 14. Re1 Qb8
15. d4 b5 16. Qc2 Ne7 17. Nb3 Rc8 18. Qd3 a6 19. Ng5 Ng6 20. Qf3 Nh8 21. Qh3
Nf8 22. Nc5 h6 23. Nf3 Bb6 24. Qg4 Nhg6 25. h4 Rc7 26. h5 Ne7 27. Nh4 Qc8 28.
Rad1 Nh7 29. Rd3 Bxc5 30. dxc5 Kh8 31. Rg3 Qg8 32. Bc1 Rd8 33. Bd2 Nf8 34. Qf3
Kh7 35. Qd3+ g6 36. hxg6+ fxg6 37. Rh3 h5 38. g4 Kh8 39. Bg5 Qh7 40. gxh5 gxh5
41. Bf6+ 1-0

[Event "17. Open de Sants Hostafrancs 2015"]
[Site "Barcelona ESP"]
[Date "2015.08.22"]
[Round "2.25"]
[White "Aloma Vidal, Robert"]
[Black "Domingo Nunez, Alejandro"]
[Result "1-0"]
[WhiteElo "2454"]
[BlackElo "2199"]
[PlyCount "127"]
[EventDate "2015.08.21"]
[EventType "swiss"]
[EventRounds "10"]
[EventCountry "ESP"]
[SourceTitle "Ajedrez en Madrid"]
[Source "lmi"]
[SourceDate "2015.08.21"]

1. d4 Nf6 2. Bg5 g6 3. Bxf6 exf6 4. e3 Bg7 5. g3 O-O 6. Bg2 d6 7. Ne2 f5 8. c4
Nd7 9. Nbc3 Nf6 10. b4 Re8 11. Qc2 c6 12. O-O Bd7 13. a4 Qc7 14. b5 Rab8 15.
Qd3 Bf8 16. Rfb1 Qa5 17. Nc1 Ne4 18. N1a2 Nxc3 19. Qxc3 Qxc3 20. Nxc3 Rec8 21.
a5 Kg7 22. bxc6 Bxc6 23. Rb4 Be7 24. Bxc6 Rxc6 25. Nb5 a6 26. Nc3 Bd8 27. Nd5
Rbc8 28. Raa4 Kf8 29. Kf1 Ke8 30. Ke2 Rb8 31. Kd3 Kd7 32. Rb3 Rcc8 33. Rab4 Kc6
34. Ra4 Kd7 35. Rb1 Kc6 36. Ra3 Kd7 37. Rab3 Kc6 38. Nb4+ Kc7 39. f3 h6 40. e4
fxe4+ 41. fxe4 f6 42. g4 Kd7 43. Nd5 Kc6 44. h4 Bxa5 45. Ne7+ Kc7 46. Nxc8 Kxc8
47. h5 g5 48. Rf1 Bd8 49. e5 dxe5 50. dxe5 fxe5 51. Rf7 b6 52. Ke4 Bc7 53. Rh7
Kb7 54. Rd3 a5 55. Rdd7 Rc8 56. Rxh6 a4 57. Rf6 a3 58. Rf2 Kc6 59. Rdd2 Kc5 60.
h6 Kxc4 61. h7 b5 62. Rc2+ Kb3 63. Rxc7 Ra8 64. Ra7 1-0

[Event "17. Open de Sants Hostafrancs 2015"]
[Site "Barcelona ESP"]
[Date "2015.08.22"]
[Round "2.26"]
[White "Forgues, Fabien"]
[Black "Gallego Alcaraz, Andres Felipe"]
[Result "0-1"]
[WhiteElo "2187"]
[BlackElo "2443"]
[PlyCount "46"]
[EventDate "2015.08.21"]
[EventType "swiss"]
[EventRounds "10"]
[EventCountry "ESP"]
[SourceTitle "Ajedrez en Madrid"]
[Source "lmi"]
[SourceDate "2015.08.21"]

1. e4 c5 2. Nf3 Nc6 3. d4 cxd4 4. Nxd4 e5 5. Nb5 d6 6. N1c3 a6 7. Na3 Be7 8.
Nd5 Nf6 9. Nxf6+ Bxf6 10. Nc4 O-O 11. c3 Be7 12. Ne3 Be6 13. h4 Qd7 14. g3 Bd8
15. Bg2 Ne7 16. O-O Bb6 17. Qe2 Rac8 18. Nd5 Nxd5 19. exd5 Bg4 20. Bf3 Bxf3 21.
Qxf3 f5 22. Be3 Bd8 23. Rae1 Rc4 0-1

[Event "17. Open de Sants Hostafrancs 2015"]
[Site "Barcelona ESP"]
[Date "2015.08.22"]
[Round "2.27"]
[White "Arenas, David"]
[Black "Soraas, Torben"]
[Result "1/2-1/2"]
[WhiteElo "2439"]
[BlackElo "2194"]
[PlyCount "137"]
[EventDate "2015.08.21"]
[EventType "swiss"]
[EventRounds "10"]
[EventCountry "ESP"]
[SourceTitle "Ajedrez en Madrid"]
[Source "lmi"]
[SourceDate "2015.08.21"]

1. e4 e6 2. d4 d5 3. Nc3 dxe4 4. Nxe4 Nd7 5. Nf3 Ngf6 6. Bg5 h6 7. Nxf6+ Nxf6
8. Be3 Be7 9. Qd2 Nd5 10. O-O-O Nxe3 11. fxe3 c5 12. Kb1 O-O 13. g4 b6 14. Bg2
Bb7 15. Ne5 Qc7 16. h4 Bf6 17. Bxb7 Qxb7 18. g5 Bxe5 19. dxe5 h5 20. Qh2 Qe4
21. Rhe1 Rad8 22. Rd6 Rxd6 23. exd6 Rd8 24. Rd1 Qxe3 25. a3 e5 26. Rd5 Qf4 27.
Qe2 e4 28. d7 Qg4 29. Qe1 Qe6 30. Rd1 e3 31. Rd3 Rxd7 32. Rxe3 Qg4 33. Qf2 Kh7
34. Ka2 Kg6 35. Rf3 Qc4+ 36. b3 Qd4 37. Qe1 c4 38. b4 a5 39. bxa5 Qd5 40. Qc3
bxa5 41. Rf4 Rc7 42. Rf1 Re7 43. Rf2 Re4 44. Rd2 Qe5 45. Qxe5 Rxe5 46. Rd4 Rc5
47. Kb2 c3+ 48. Kb3 Kf5 49. Rd7 Ke6 50. Ra7 g6 51. a4 Kf5 52. Rxf7+ Kg4 53. Rf6
Kxh4 54. Rxg6 Kg3 55. Rh6 h4 56. g6 h3 57. g7 Rg5 58. Kxc3 h2 59. Kc4 Kg2 60.
Rh5 Rxg7 61. Kb5 Rb7+ 62. Kxa5 Rc7 63. Kb6 Rxc2 64. a5 Rb2+ 65. Kc6 Ra2 66. Kb6
Ra3 67. Rxh2+ Kxh2 68. a6 Rxa6+ 69. Kxa6 1/2-1/2

[Event "17. Open de Sants Hostafrancs 2015"]
[Site "Barcelona ESP"]
[Date "2015.08.22"]
[Round "2.28"]
[White "Moreno Martin, Daniel"]
[Black "Dourerassou, Jonathan"]
[Result "0-1"]
[WhiteElo "2186"]
[BlackElo "2436"]
[PlyCount "122"]
[EventDate "2015.08.21"]
[EventType "swiss"]
[EventRounds "10"]
[EventCountry "ESP"]
[SourceTitle "Ajedrez en Madrid"]
[Source "lmi"]
[SourceDate "2015.08.21"]

1. e4 c5 2. Nf3 Nc6 3. d4 cxd4 4. Nxd4 Nf6 5. Nc3 e6 6. Ndb5 Bb4 7. a3 Bxc3+ 8.
Nxc3 d5 9. Bd3 d4 10. Ne2 e5 11. O-O O-O 12. f4 exf4 13. Bxf4 Ng4 14. Qe1 Be6
15. Rd1 Rc8 16. h3 Nge5 17. Qf2 Nxd3 18. Rxd3 Bc4 19. Rd2 Qe7 20. Rfd1 Bxe2 21.
Rxe2 f6 22. Kh1 Rfe8 23. Qg3 Qf7 24. Qd3 Re7 25. Bg3 Qa2 26. c3 Rd8 27. cxd4
Rxd4 28. Qc2 Qe6 29. Rde1 Rc4 30. Qd1 Rd7 31. Rd2 Rxd2 32. Qxd2 Rxe4 33. Rxe4
Qxe4 34. Qd7 Qe7 35. Qd5+ Qf7 36. Qd6 h5 37. b4 a6 38. a4 Qc4 39. Qd7 Qf7 40.
Qc8+ Kh7 41. b5 axb5 42. axb5 Nd4 43. b6 Qd5 44. Bf2 Ne6 45. Qc2+ f5 46. Qa4
Qe4 47. Qb3 Nf4 48. Qg3 Ne6 49. Qb3 Kh6 50. Qc3 Nf4 51. Qg3 Nd3 52. h4 Kh7 53.
Kg1 Ne5 54. Qe3 Ng4 55. Qxe4 fxe4 56. Bd4 Kg6 57. Kf1 Kf7 58. Ke2 g6 59. Bc3
Ke6 60. Bd4 Kd5 61. Bc3 Kc5 0-1

[Event "17. Open de Sants Hostafrancs 2015"]
[Site "Barcelona ESP"]
[Date "2015.08.22"]
[Round "2.29"]
[White "Rios, Cristhian Camilo"]
[Black "Taylor, Adam C"]
[Result "1-0"]
[WhiteElo "2435"]
[BlackElo "2189"]
[PlyCount "95"]
[EventDate "2015.08.21"]
[EventType "swiss"]
[EventRounds "10"]
[EventCountry "ESP"]
[SourceTitle "Ajedrez en Madrid"]
[Source "lmi"]
[SourceDate "2015.08.21"]

1. d4 Nf6 2. c4 c5 3. d5 b5 4. cxb5 a6 5. b6 d6 6. Nc3 Nbd7 7. a4 Qxb6 8. a5
Qa7 9. e4 g6 10. f4 Bg7 11. Bc4 O-O 12. Nf3 Ne8 13. O-O Rb8 14. Qe2 Nc7 15. Rd1
Rb4 16. e5 Qb8 17. Ne4 Nb5 18. Ra2 dxe5 19. Bd2 Rxc4 20. Qxc4 exf4 21. Nxc5
Nxc5 22. Qxc5 Bg4 23. Ra4 Bxf3 24. gxf3 Qe5 25. Bxf4 Qxb2 26. Rb4 Qe2 27. Rf1
Qa2 28. Qb6 Qxd5 29. Be3 Qa8 30. Rc4 Rb8 31. Qc6 Nd6 32. Qxa8 Rxa8 33. Rc6 Nf5
34. Bb6 Nd4 35. Rc4 e5 36. Bxd4 exd4 37. Rfc1 Kf8 38. Rc8+ Rxc8 39. Rxc8+ Ke7
40. Kf2 Be5 41. h3 Kd7 42. Ra8 f6 43. Rxa6 h5 44. Ke2 g5 45. Rb6 Bc7 46. Rb7
Kc6 47. a6 f5 48. Rb5 1-0

[Event "17. Open de Sants Hostafrancs 2015"]
[Site "Barcelona ESP"]
[Date "2015.08.22"]
[Round "2.30"]
[White "Steponavicius, Stasys"]
[Black "Munoz Pantoja, Miguel"]
[Result "0-1"]
[WhiteElo "2180"]
[BlackElo "2434"]
[PlyCount "84"]
[EventDate "2015.08.21"]
[EventType "swiss"]
[EventRounds "10"]
[EventCountry "ESP"]
[SourceTitle "Ajedrez en Madrid"]
[Source "lmi"]
[SourceDate "2015.08.21"]

1. d4 Nf6 2. c4 c5 3. d5 e6 4. Nc3 exd5 5. cxd5 d6 6. e4 a6 7. a4 g6 8. Nge2
Bg7 9. Ng3 O-O 10. Be2 Ne8 11. O-O Nd7 12. Be3 Nc7 13. Qd2 Rb8 14. Bg5 f6 15.
Bh6 Bxh6 16. Qxh6 Ne5 17. Qe3 b5 18. axb5 axb5 19. f4 Nf7 20. e5 fxe5 21. fxe5
Nxe5 22. Rxf8+ Qxf8 23. Rf1 Qe7 24. Nge4 Bf5 25. g4 Bxe4 26. Nxe4 Rf8 27. Rxf8+
Kxf8 28. g5 Nf7 29. Qf3 Qe5 30. h4 Qd4+ 31. Kf1 Nxd5 32. Nf6 Nxf6 33. gxf6 d5
34. Bxb5 Nd6 35. Bd3 Kf7 36. h5 Qxf6 37. hxg6+ hxg6 38. Ke2 Qxf3+ 39. Kxf3 Kf6
40. Bb1 Nc4 41. Ba2 Ke5 42. b3 Na3 0-1

[Event "17. Open de Sants Hostafrancs 2015"]
[Site "Barcelona ESP"]
[Date "2015.08.22"]
[Round "2.31"]
[White "Pulvett Marin, Daniel"]
[Black "Reisch, Stefan"]
[Result "1-0"]
[WhiteElo "2434"]
[BlackElo "2187"]
[PlyCount "53"]
[EventDate "2015.08.21"]
[EventType "swiss"]
[EventRounds "10"]
[EventCountry "ESP"]
[SourceTitle "Ajedrez en Madrid"]
[Source "lmi"]
[SourceDate "2015.08.21"]

1. d4 d5 2. c4 e6 3. Nf3 Nf6 4. g3 c5 5. Bg2 cxd4 6. Nxd4 Bb4+ 7. Nc3 O-O 8.
cxd5 exd5 9. O-O Bxc3 10. bxc3 h6 11. Ba3 Re8 12. Rb1 Nc6 13. Nb5 Ne4 14. Bxe4
dxe4 15. Nd6 Re5 16. Nxb7 Qf6 17. Qd6 Qxd6 18. Bxd6 Rd5 19. Bf4 Na5 20. Nd6 Ba6
21. Nxe4 Bxe2 22. Rfe1 Bc4 23. Rb4 Kh8 24. Nd6 Bxa2 25. Ra1 Nc6 26. Rb7 Ra5 27.
Rc7 1-0

[Event "17. Open de Sants Hostafrancs 2015"]
[Site "Barcelona ESP"]
[Date "2015.08.22"]
[Round "2.32"]
[White "Morawietz, Dieter"]
[Black "Castrillon Gomez, Melissa"]
[Result "0-1"]
[WhiteElo "2430"]
[BlackElo "2183"]
[PlyCount "140"]
[EventDate "2015.08.21"]
[EventType "swiss"]
[EventRounds "10"]
[EventCountry "ESP"]
[SourceTitle "Ajedrez en Madrid"]
[Source "lmi"]
[SourceDate "2015.08.21"]

1. e4 e5 2. Nf3 Nc6 3. Bb5 a6 4. Ba4 Nf6 5. O-O Be7 6. Re1 b5 7. Bb3 d6 8. c3
O-O 9. h3 Nb8 10. d4 Nbd7 11. Nbd2 Bb7 12. Bc2 c5 13. Nf1 exd4 14. cxd4 cxd4
15. Nxd4 Re8 16. Bf4 Bf8 17. f3 g6 18. Qd2 Ne5 19. Rad1 d5 20. exd5 Nc4 21.
Rxe8 Qxe8 22. Qc1 Nxd5 23. Bg3 Rc8 24. Bf2 Rc7 25. Qb1 Bg7 26. Re1 Qc8 27. a4
Nce3 28. Be4 Nxg2 29. Bxd5 Nf4 30. Bxb7 Nxh3+ 31. Kh2 Rxb7 32. Be3 Bxd4 33.
Bxd4 Nf4 34. Kg1 Nh3+ 35. Kh2 Ng5 36. Qd3 Qh3+ 37. Kg1 Nxf3+ 38. Kf2 Qh4+ 39.
Kxf3 Qxe1 40. Bc3 Qe8 41. Qd4 f6 42. Qd5+ Qf7 43. Ne3 b4 44. Bxf6 Qxd5+ 45.
Nxd5 Kf7 46. Bg5 Ke6 47. Ke4 Kd6 48. b3 a5 49. Ne3 Rd7 50. Nc4+ Ke6 51. Bf4 h5
52. Ne5 Rd1 53. Nxg6 Kf6 54. Ne5 Re1+ 55. Kd5 Kf5 56. Bh2 Re3 57. Nc4 Rxb3 58.
Nxa5 Rh3 59. Bc7 Rd3+ 60. Kc6 Rc3+ 61. Kd7 b3 62. Nxb3 Rxb3 63. a5 h4 64. Kc6
Ke6 65. a6 Ra3 66. Kb7 Kd7 67. Be5 Rb3+ 68. Ka8 Kc6 69. a7 h3 70. Bb2 h2 0-1

[Event "17. Open de Sants Hostafrancs 2015"]
[Site "Barcelona ESP"]
[Date "2015.08.22"]
[Round "2.33"]
[White "Garcia Ramos, Daniel"]
[Black "Vassallo Barroche, Mauricio"]
[Result "0-1"]
[WhiteElo "2176"]
[BlackElo "2430"]
[PlyCount "74"]
[EventDate "2015.08.21"]
[EventType "swiss"]
[EventRounds "10"]
[EventCountry "ESP"]
[SourceTitle "Ajedrez en Madrid"]
[Source "lmi"]
[SourceDate "2015.08.21"]

1. e4 d6 2. d4 Nf6 3. Nc3 c6 4. f3 Nbd7 5. Be3 e5 6. Qd2 Be7 7. O-O-O Qc7 8. g4
b5 9. Nce2 Nb6 10. Ng3 g6 11. g5 Nfd7 12. h4 Bb7 13. Nh3 O-O-O 14. Nf2 Rhf8 15.
Ng4 exd4 16. Bxd4 Ne5 17. Bh3 Kb8 18. Qf2 c5 19. Bxe5 dxe5 20. Rxd8+ Rxd8 21.
Rd1 Rxd1+ 22. Kxd1 c4 23. Qd2 Bc8 24. Ne2 b4 25. c3 a5 26. Ke1 Bc5 27. Kf1 Qd7
28. Qxd7 Bxd7 29. Ke1 Na4 30. b3 cxb3 31. axb3 Nxc3 32. Nxc3 bxc3 33. Kd1 a4
34. Kc2 a3 35. Nxe5 Bxh3 36. Kb1 Be6 37. Nd3 Be3 0-1

[Event "17. Open de Sants Hostafrancs 2015"]
[Site "Barcelona ESP"]
[Date "2015.08.22"]
[Round "2.34"]
[White "Wegerle, Joerg"]
[Black "Shatko, Danil"]
[Result "1/2-1/2"]
[WhiteElo "2430"]
[BlackElo "2177"]
[PlyCount "54"]
[EventDate "2015.08.21"]
[EventType "swiss"]
[EventRounds "10"]
[EventCountry "ESP"]
[SourceTitle "Ajedrez en Madrid"]
[Source "lmi"]
[SourceDate "2015.08.21"]

1. d4 d5 2. Nf3 e6 3. g3 Be7 4. Bg2 Nf6 5. c4 O-O 6. Qc2 dxc4 7. Nbd2 Bd7 8.
Ne5 Bc6 9. Nxc6 Nxc6 10. Bxc6 bxc6 11. Qxc4 Qd5 12. O-O Rfd8 13. Qxd5 cxd5 14.
Nb3 Rac8 15. Be3 Ng4 16. Rac1 Nxe3 17. fxe3 Rd6 18. Nc5 Rb6 19. Nd3 Bd6 20. Rc2
Kf8 21. Rfc1 Ke7 22. Kg2 f6 23. b3 Rb5 24. Rc6 Rb6 25. R6c3 Rb5 26. Rc6 Rb6 27.
R6c3 Rb5 1/2-1/2

[Event "17. Open de Sants Hostafrancs 2015"]
[Site "Barcelona ESP"]
[Date "2015.08.22"]
[Round "2.35"]
[White "Calvo Simon, Jorge"]
[Black "Cori T., Deysi"]
[Result "0-1"]
[WhiteElo "2169"]
[BlackElo "2426"]
[PlyCount "46"]
[EventDate "2015.08.21"]
[EventType "swiss"]
[EventRounds "10"]
[EventCountry "ESP"]
[SourceTitle "Ajedrez en Madrid"]
[Source "lmi"]
[SourceDate "2015.08.21"]

1. e4 e6 2. d4 d5 3. e5 c5 4. c3 Bd7 5. Nf3 Qb6 6. Be2 Bb5 7. O-O Bxe2 8. Qxe2
Nc6 9. Be3 cxd4 10. cxd4 Nge7 11. Nc3 Nf5 12. Rac1 Be7 13. Rfd1 O-O 14. g4 Nxe3
15. Qxe3 Qxb2 16. Rb1 Qa3 17. Rxb7 Bb4 18. Rc7 Rac8 19. Rxc8 Rxc8 20. Rd3 Na5
21. Ne2 Qxa2 22. Kg2 Nc4 23. Qf4 Qxe2 0-1

[Event "17. Open de Sants Hostafrancs 2015"]
[Site "Barcelona ESP"]
[Date "2015.08.22"]
[Round "2.36"]
[White "Cawdery, Daniel"]
[Black "Smith, Matthieu"]
[Result "1-0"]
[WhiteElo "2424"]
[BlackElo "2175"]
[PlyCount "55"]
[EventDate "2015.08.21"]
[EventType "swiss"]
[EventRounds "10"]
[EventCountry "ESP"]
[SourceTitle "Ajedrez en Madrid"]
[Source "lmi"]
[SourceDate "2015.08.21"]

1. e4 d6 2. d4 Nf6 3. Nc3 e5 4. Nf3 Nbd7 5. Bc4 Be7 6. O-O O-O 7. h3 c6 8. a4
b6 9. Qe2 Bb7 10. Rd1 Qc7 11. Be3 a6 12. dxe5 dxe5 13. Nh4 b5 14. axb5 axb5 15.
Rxa8 Rxa8 16. Nf5 Bf8 17. Bb3 Nc5 18. Bxc5 Bxc5 19. Qf3 Rf8 20. Qg3 g6 21. Qg5
Nh5 22. Qh6 Kh8 23. g4 gxf5 24. exf5 Nf4 25. Ne4 Bb4 26. Nf6 Nxh3+ 27. Qxh3 Kg7
28. g5 1-0

[Event "17. Open de Sants Hostafrancs 2015"]
[Site "Barcelona ESP"]
[Date "2015.08.22"]
[Round "2.37"]
[White "Fernandez Madrid, Carlos"]
[Black "Stella, Andrea"]
[Result "0-1"]
[WhiteElo "2168"]
[BlackElo "2423"]
[PlyCount "102"]
[EventDate "2015.08.21"]
[EventType "swiss"]
[EventRounds "10"]
[EventCountry "ESP"]
[SourceTitle "Ajedrez en Madrid"]
[Source "lmi"]
[SourceDate "2015.08.21"]

1. c4 c5 2. g3 Nc6 3. Bg2 g6 4. Nf3 Bg7 5. O-O d6 6. Nc3 e6 7. Rb1 Nge7 8. a3
O-O 9. b4 b6 10. Na4 Rb8 11. Bb2 e5 12. b5 Na5 13. d3 f5 14. Nc3 Bb7 15. Ng5
Bxg2 16. Kxg2 Qd7 17. f4 h6 18. Nf3 e4 19. Nd2 d5 20. Nxd5 Nxd5 21. cxd5 exd3
22. Bxg7 Kxg7 23. exd3 Qxd5+ 24. Qf3 Rbd8 25. Nb3 Qxd3 26. Nxa5 bxa5 27. Qxd3
Rxd3 28. Rbc1 Rxa3 29. Rxc5 Rf7 30. Rfc1 Ra2+ 31. Kg1 Rb2 32. Rc7 Rxb5 33.
Rxf7+ Kxf7 34. Rc7+ Ke6 35. Rxa7 Kd5 36. Ra6 Kc4 37. g4 fxg4 38. Rxg6 h5 39.
Re6 a4 40. Re4+ Kb3 41. Re3+ Kb4 42. Re4+ Ka5 43. Re3 Rb4 44. h3 Rxf4 45. hxg4
hxg4 46. Re8 g3 47. Ra8+ Kb5 48. Kh1 Kb6 49. Re8 a3 50. Re6+ Kb5 51. Re8 Rd4
0-1

[Event "17. Open de Sants Hostafrancs 2015"]
[Site "Barcelona ESP"]
[Date "2015.08.22"]
[Round "2.38"]
[White "Pile, Richard"]
[Black "Locatelli, Andrea"]
[Result "1/2-1/2"]
[WhiteElo "2419"]
[BlackElo "2171"]
[PlyCount "79"]
[EventDate "2015.08.21"]
[EventType "swiss"]
[EventRounds "10"]
[EventCountry "ESP"]
[SourceTitle "Ajedrez en Madrid"]
[Source "lmi"]
[SourceDate "2015.08.21"]

1. e4 c5 2. Nf3 e6 3. d4 cxd4 4. Nxd4 a6 5. Bd3 Ne7 6. Nc3 Nbc6 7. Be3 Nxd4 8.
Bxd4 Nc6 9. Be3 Be7 10. O-O O-O 11. Na4 d6 12. Nb6 Rb8 13. Qd2 Ne5 14. Be2 Qc7
15. Rfd1 Rd8 16. a4 Qc6 17. f3 Nd7 18. a5 Nxb6 19. Bxb6 Rf8 20. c4 f5 21. c5
dxc5 22. e5 c4 23. Qd4 Rd8 24. Qxc4 Rxd1+ 25. Rxd1 Bd7 26. Qd4 Be8 27. f4 Rd8
28. Qe3 Rxd1+ 29. Bxd1 Qb5 30. Bb3 Qc6 31. Qc3 Kf7 32. Qxc6 Bxc6 33. Kf2 Bb4
34. g3 Ke7 35. Ke3 Be1 36. Bd1 Kd7 37. g4 g6 38. Ke2 Bb4 39. gxf5 gxf5 40. Ke3
1/2-1/2

[Event "17. Open de Sants Hostafrancs 2015"]
[Site "Barcelona ESP"]
[Date "2015.08.22"]
[Round "2.39"]
[White "Sorroche Martin, Jose Maria"]
[Black "Akesson, Ralf"]
[Result "0-1"]
[WhiteElo "2164"]
[BlackElo "2418"]
[PlyCount "80"]
[EventDate "2015.08.21"]
[EventType "swiss"]
[EventRounds "10"]
[EventCountry "ESP"]
[SourceTitle "Ajedrez en Madrid"]
[Source "lmi"]
[SourceDate "2015.08.21"]

1. d4 Nf6 2. Nc3 d5 3. Bg5 c6 4. Bxf6 gxf6 5. Nf3 Bf5 6. e3 e6 7. a3 Nd7 8. Nh4
Bg6 9. f4 Nb6 10. g3 Qd7 11. f5 exf5 12. Bh3 Nc4 13. Qf3 Qe7 14. Nd1 f4 15.
Qxf4 Bxc2 16. O-O h5 17. Qxf6 Qxf6 18. Rxf6 Be7 19. Rf2 Bxd1 20. Rxd1 Bxh4 21.
gxh4 Rg8+ 22. Kh1 Nd6 23. Rg2 Rxg2 24. Kxg2 Kf8 25. Kf2 Re8 26. Rd3 Re4 27. Bg2
Rxh4 28. h3 Ne4+ 29. Kf3 Ke7 30. Rd1 f5 31. Re1 Kf6 32. Rg1 f4 33. exf4 Kf5 34.
Ke3 Rxf4 35. Rf1 Rxf1 36. Bxf1 Ng3 37. Bd3+ Kg5 38. Kf3 Kh4 39. Kg2 Ne4 40. b4
Nd2 0-1

[Event "17. Open de Sants Hostafrancs 2015"]
[Site "Barcelona ESP"]
[Date "2015.08.22"]
[Round "2.40"]
[White "Muratet, Lucas"]
[Black "Admiraal, Miguoel"]
[Result "0-1"]
[WhiteElo "2160"]
[BlackElo "2414"]
[PlyCount "84"]
[EventDate "2015.08.21"]
[EventType "swiss"]
[EventRounds "10"]
[EventCountry "ESP"]
[SourceTitle "Ajedrez en Madrid"]
[Source "lmi"]
[SourceDate "2015.08.21"]

1. e4 c5 2. Nf3 e6 3. d4 cxd4 4. Nxd4 Nc6 5. Nc3 Qc7 6. Be2 Nf6 7. O-O Be7 8.
Kh1 O-O 9. f4 d6 10. Be3 Nxd4 11. Qxd4 b6 12. Bf3 Ba6 13. Rfd1 e5 14. Qd2 Rac8
15. f5 Bb7 16. g4 d5 17. exd5 e4 18. Be2 Rfd8 19. Nb5 Qxc2 20. Nc3 Qxd2 21.
Rxd2 Nxd5 22. Nxd5 Rxd5 23. Ba6 Rxd2 24. Bxb7 Rdd8 25. Bxc8 Rxc8 26. Rd1 Kf8
27. Rd7 Bc5 28. Bxc5+ Rxc5 29. Rd2 Ke7 30. Kg2 g6 31. Re2 gxf5 32. gxf5 Re5 33.
Kg3 Kf6 34. Kg4 h5+ 35. Kxh5 Kxf5 36. Rf2+ Ke6+ 37. Kg4 e3 38. Rf1 Kd5 39. h4
e2 40. Re1 Kd4 41. h5 Ke3 42. h6 Kd2 0-1

[Event "17. Open de Sants Hostafrancs 2015"]
[Site "Barcelona ESP"]
[Date "2015.08.22"]
[Round "2.41"]
[White "Kobo, Ori"]
[Black "Perez Otero, Juan Antonio"]
[Result "1-0"]
[WhiteElo "2412"]
[BlackElo "2169"]
[PlyCount "109"]
[EventDate "2015.08.21"]
[EventType "swiss"]
[EventRounds "10"]
[EventCountry "ESP"]
[SourceTitle "Ajedrez en Madrid"]
[Source "lmi"]
[SourceDate "2015.08.21"]

1. e4 c5 2. Nf3 Nc6 3. d4 cxd4 4. Nxd4 g6 5. c4 Nf6 6. Nc3 Nxd4 7. Qxd4 d6 8.
f3 Bg7 9. Be3 O-O 10. Qd2 Re8 11. Rc1 Be6 12. b3 a6 13. Be2 Qa5 14. Na4 Qxd2+
15. Kxd2 Nd7 16. g4 Nc5 17. Nxc5 dxc5 18. Bxc5 Rad8+ 19. Bd3 Rd7 20. Ke2 Red8
21. Rhd1 Be5 22. Bb6 Rc8 23. h4 Rc6 24. Be3 f6 25. Rg1 Kg7 26. f4 Rcd6 27. Rcd1
Bd4 28. g5 Bxe3 29. Kxe3 b5 30. cxb5 axb5 31. Be2 Rxd1 32. Rxd1 Ra7 33. Rd2 b4
34. Rc2 h6 35. Bc4 Bg4 36. Rg2 Bc8 37. gxh6+ Kxh6 38. Bf7 e5 39. Bxg6 exf4+ 40.
Kxf4 Rc7 41. Bf5 Bxf5 42. Kxf5 Re7 43. Rg4 Ra7 44. Kxf6 Rxa2 45. e5 Rf2+ 46.
Ke6 Re2 47. Rxb4 Re3 48. Kf6 Rf3+ 49. Ke7 Kg6 50. Rb6+ Kg7 51. e6 Rc3 52. Kd7
Rd3+ 53. Rd6 Rxb3 54. e7 Rb7+ 55. Ke6 1-0

[Event "17. Open de Sants Hostafrancs 2015"]
[Site "Barcelona ESP"]
[Date "2015.08.22"]
[Round "2.42"]
[White "Zoldan, Matteo"]
[Black "Perske, Thore"]
[Result "1/2-1/2"]
[WhiteElo "2156"]
[BlackElo "2408"]
[PlyCount "70"]
[EventDate "2015.08.21"]
[EventType "swiss"]
[EventRounds "10"]
[EventCountry "ESP"]
[SourceTitle "Ajedrez en Madrid"]
[Source "lmi"]
[SourceDate "2015.08.21"]

1. c4 Nf6 2. g3 g6 3. Bg2 Bg7 4. Nc3 O-O 5. e4 d6 6. Nge2 c5 7. O-O Nc6 8. d3
Ne8 9. Be3 Nd4 10. Rb1 a5 11. a3 Bg4 12. f3 Bd7 13. b4 axb4 14. axb4 b6 15. Qc1
Nc7 16. Bh6 e5 17. Bxg7 Kxg7 18. Rf2 Nxe2+ 19. Rxe2 Na6 20. Na2 Nb8 21. b5 Be6
22. Nc3 Nd7 23. Rbb2 Qf6 24. Ra2 h5 25. h4 Kh7 26. Qg5 Kg7 27. Kh2 Qd8 28. Rxa8
Qxg5 29. hxg5 Rxa8 30. Ra2 Rxa2 31. Nxa2 f6 32. gxf6+ Nxf6 33. Bh3 Bxh3 34.
Kxh3 g5 35. Nc3 Kf7 1/2-1/2

[Event "17. Open de Sants Hostafrancs 2015"]
[Site "Barcelona ESP"]
[Date "2015.08.22"]
[Round "2.43"]
[White "Roser, Kevin"]
[Black "Carrasco Rodriguez, Jesus"]
[Result "1-0"]
[WhiteElo "2404"]
[BlackElo "2168"]
[PlyCount "59"]
[EventDate "2015.08.21"]
[EventType "swiss"]
[EventRounds "10"]
[EventCountry "ESP"]
[SourceTitle "Ajedrez en Madrid"]
[Source "lmi"]
[SourceDate "2015.08.21"]

1. e4 Nf6 2. e5 Nd5 3. d4 d6 4. Nf3 dxe5 5. Nxe5 c6 6. Bc4 Nd7 7. Nf3 g6 8. O-O
Bg7 9. Re1 O-O 10. h3 N7f6 11. Bg5 Be6 12. Nbd2 Qc7 13. Bh4 Rad8 14. Bg3 Qc8
15. c3 Rfe8 16. a4 b6 17. Bf1 h6 18. Nc4 a6 19. Nce5 Bf5 20. a5 b5 21. Qb3 Nd7
22. Nd3 N5f6 23. c4 Be4 24. Nde5 Qa8 25. Rac1 Bxf3 26. Nxf3 c5 27. cxb5 cxd4
28. Nxd4 e5 29. Nc6 Rc8 30. Bc4 1-0